000 00335nam a22001457a 4500
999 _c8819
_d8819
003 OSt
008 200711b ||||| |||| 00| 0 eng d
100 _aVyawahar ,N.S
245 _aPreclinical Screening of Drug
250 _a2016
260 _aNew Delhi
_bNirali
300 _a12.6
650 _aClinical Pharmacy
942 _2ddc
_cBK
_01